|
|
|
|
| LEADER |
00724nam a2200217Ia 4500 |
| 001 |
CTU_101925 |
| 008 |
210402s9999 xx 000 0 und d |
| 020 |
|
|
|c 88000
|
| 082 |
|
|
|a 428.24
|
| 082 |
|
|
|b C732n
|
| 100 |
|
|
|a Jeremy Comfort
|
| 245 |
|
0 |
|a Effective negotiating
|
| 245 |
|
0 |
|c Jeremy Comfort, York Associates
|
| 260 |
|
|
|a Oxford
|
| 260 |
|
|
|b Oxford University Press
|
| 260 |
|
|
|c 1998
|
| 650 |
|
|
|a english language,english language,listening
|
| 650 |
|
|
|x spoken english,problems, exercises, etc,textbooks for foreign speakers,problems, exercises, etc
|
| 904 |
|
|
|i Giang
|
| 910 |
|
|
|a Băng có sách kèm theo số: MON.020280, MON.020279
|
| 980 |
|
|
|a Trung tâm Học liệu Trường Đại học Cần Thơ
|